Biblioteca

Empeliculados : (Registro nro. 68282)

Detalles MARC
000 -LÍDER
Campo fijo de descripción fija 00667nam a2200229 i 4500
001 - NÚMERO DE CONTROL
Campo de control BINCO
003 - IDENTIFICADOR DEL NÚMERO DE CONTROL
Campo de control CO-MdBIC
005 - FECHA Y HORA DE LA ULTIMA TRANSACCIÓN
control field 20240609191301.0
008 - ELEMENTOS DE LONGITUD FIJA -- INFORMACIÓN GENERAL
Campo fijo de descripción fija -- Información general 221011t2020 ck |||| |||| 00| 0 spa d
020 ## - NÚMERO INTERNACIONAL NORMALIZADO PARA LIBROS
Número Internacional Normalizado del libro 9789585209459
040 ## - FUENTE DE CATALOGACIÓN
Agencia de catalogación original CO-MdBIC
Idioma de catalogación spa.
Agencia que realiza la transcripción CO-MdBIC
Agencia que realiza la modificación CO-MdBIC
041 ## - CÓDIGO DE IDIOMA
Código de idioma para texto/pista de sonido o título separado spa
082 ## - NÚMERO DE CLASIFICACIÓN DECIMAL DEWEY
Número de la edición del Dewey 23
Número de clasificación 808.8
Clave de autor-Numero de item EM55
110 ## - ASIENTO PRINCIPAL--NOMBRE CORPORATIVO
Nombre corporativo o de jurisdicción como elemento de entrada Confiar Cooperativa Financiera
245 ## - TÍTULO
Título del Material Empeliculados :
Parte restante del título - Subtitulo cuentos de cine
Mención de responsabilidad, etc. / Confiar Cooperativa Financiera
264 #1 - PRODUCCIÓN, PUBLICACIÓN, DISTRIBUCIÓN, MANUFACTURA, Y COPYRIGHT
Lugar de producción, publicación, distribución, manufactura Medellín, Antioquia :
Nombre del productor, publicador, distribuidor Confiar Cooperativa Financiera,
Fecha de producción, publicación, distribución, manufactura, o copyright [2020]
264 #1 - PRODUCCIÓN, PUBLICACIÓN, DISTRIBUCIÓN, MANUFACTURA, Y COPYRIGHT
Fecha de producción, publicación, distribución, manufactura, o copyright ©2020
300 ## - DESCRIPCIÓN FÍSICA
Extensión 166 páginas :
Dimensiones 20 cm.
690 ## - CAMPO LOCAL DE ACCESO TEMÁTICO
Término temático o nombre geográfico como elemento de entrada Literatura
690 ## - CAMPO LOCAL DE ACCESO TEMÁTICO
Término temático o nombre geográfico como elemento de entrada Literatura juvenil
942 ## - TIPO DE MATERIAL (KOHA)
Tipo de Item KOHA Z- Libro General BINCO
Existencias
Estado de Material Estado de Perdido Forma de Clasificación Estado de Dañado No para Préstamo Colección Biblioteca de Origen Biblioteca Permanente Fecha de Adquisición Área Total de Préstamos Signatura Topográfica Código de Barras Última vez visto Fecha de Remplazo Tipo de Material
    Dewey Decimal Classification     Colección Juvenil Biblioteca Infantil Comunitaria BINCO Biblioteca Infantil Comunitaria BINCO 11/10/2022 BINCO   808.8 EM55 B00036 11/10/2022 11/10/2022 Z- Libro General BINCO

Biblioteca FUSBC | Teléfono: (57+4) 349 88 10 Ext. 141| WhatsApp (+57) 3005338115 
E-mail: biblioteca@unisbc.edu.co | Calle 76 87-14 Robledo Palenque, Medellín, Colombia

Con tecnología Koha